Talk Show Host by Picture Quiz Stats

 Plays Quiz Updated Oct 11, 2013

Support Sporcle.
Go Orange.
Score 0/25 Timer 04:00
1 Play Today
% Correct
Ellen DeGeneres
98.3%
Oprah Winfrey
98.2%
Jay Leno
92%
Whoopi Goldberg
91.5%
Conan O'Brien
84.6%
David Letterman
83.1%
Jimmy Fallon
82.1%
Regis Philbin
81.2%
Joan Rivers
78.7%
Tyra Banks
76.7%
Jerry Springer
75.5%
Stephen Colbert
75.5%
Howard Stern
74.6%
% Correct
Johnny Carson
68.5%
Dr. Mehmet Oz
68.2%
Katie Couric
65.3%
Phil Donahue
59.8%
John Madden
55.4%
Wayne Brady
53.5%
Bill O'Reilly
51.1%
Chelsea Handler
49.9%
Rush Limbaugh
49.2%
Wendy Williams
38.8%
Chris Berman
33.1%
Merv Griffin
23.8%

From the Vault

Who Originally Hosted My Show?

by senordingdong

We're still trying to lure Jon Stewart into hosting Sporcle TV.
Remove Ads.
Support Sporcle.
Get the best of Sporcle when you Go Orange. This ad-free experience offers more features, more stats, and more fun while also helping to support Sporcle. Thank you for becoming a member.

Show Comments

Extras

Top Quizzes Today


Score Distribution

Your Account Isn't Verified!

In order to create a playlist on Sporcle, you need to verify the email address you used during registration. Go to your Sporcle Settings to finish the process.

Report this User

Report this user for behavior that violates our Community Guidelines.

Details: